004810000a2200133000450024501280000065300240012865300200015204100130017204400130018570000270019870000200022510000310024577300710027610aCaprellids from the caribbean coast of Colombia, with description of three new species and a key for species identification eDeutella caribensis eBiemna cribaria0 aInglés aColombia1 aKrapp Schickel, Traudl1 aMuller, Hans G.1 aGuerra García, José M.1 tBoletín de Investigaciones Marinas y Costerasq149-194d2006g35